Cuentos de terror: antología. Lovecraft, Andreiev, Puschkin, Bierce, Chejov, Merimée, Hawthorne, Maupassant, Stevenson, Stoker, Crawford
Na minha lista:
| Formato: | Livro |
|---|---|
| Idioma: | espanhol |
| Publicado em: |
Santiago
Andrés bello
1997
|
| Edição: | 5a. ed |
| Assuntos: | |
| Tags: |
Adicionar Tag
Sem tags, seja o primeiro a adicionar uma tag!
|
MARC
| LEADER | 00000nam a2200000 a 4500 | ||
|---|---|---|---|
| 001 | UCI5406 | ||
| 003 | CL-VaPUC | ||
| 008 | 080328e19970000CL |||||||||||||||||spa|d | ||
| 020 | |a 9561312239 | ||
| 082 | 0 | 4 | |a 808.83 |b CUE |2 21 |
| 245 | 1 | 0 | |a Cuentos de terror: antología. Lovecraft, Andreiev, Puschkin, Bierce, Chejov, Merimée, Hawthorne, Maupassant, Stevenson, Stoker, Crawford |
| 250 | |a 5a. ed | ||
| 300 | |a 247 p | ||
| 942 | |c BK | ||
| 945 | |d 20080328 00:00:00 |a rbrito | ||
| 260 | |a Santiago |b Andrés bello |c 1997 | ||
| 650 | 7 | |a CUENTOS RUSOS |2 CL-VaPUC |9 265134 | |
| 650 | 0 | |a Cuentos ingleses |9 265135 | |
| 650 | 0 | |a Cuentos franceses |9 265569 | |
| 650 | 0 | |a Cuentos estadounidenses |9 265133 | |
| 583 | |a last modification |c 20080328 00:00:00 |k Rodrigo Vera | ||
| 999 | |c 329154 |d 329152 | ||
| 952 | |0 0 |1 0 |4 0 |6 808_830000000000000_CUE_1997 |7 0 |8 A |9 413504 |a BIBEDU |b BIBEDU |d 2019-11-22 |i 4418980 |l 5 |o 808.83 CUE 1997 |p 4418980 |r 2025-04-15 |s 2025-04-08 |w 2019-11-22 |y BK |k EPE | ||